<?xml version="1.0" encoding="UTF-8"?>
<collection xmlns="http://www.loc.gov/MARC21/slim">
<record>
  <controlfield tag="001">7055</controlfield>
  <datafield tag="036" ind1=" " ind2=" ">
    <subfield code="a">HistoryOfTheVacavilleFireDepartment1891-1985</subfield>
  </datafield>
  <datafield tag="038" ind1=" " ind2=" ">
    <subfield code="a">vacavillefiredepthistory1985</subfield>
  </datafield>
  <datafield tag="041" ind1=" " ind2=" ">
    <subfield code="a">eng</subfield>
  </datafield>
  <datafield tag="100" ind1=" " ind2=" ">
    <subfield code="a">McDaniel, C.E.</subfield>
  </datafield>
  <datafield tag="245" ind1=" " ind2=" ">
    <subfield code="a">History of the Vacaville Fire Department 1891-1985</subfield>
  </datafield>
  <datafield tag="260" ind1=" " ind2=" ">
    <subfield code="c">1985</subfield>
  </datafield>
  <datafield tag="520" ind1=" " ind2=" ">
    <subfield code="a">This project is a direct result of the desire of Fire Chief Robert A. Powell, the fourth paid Fire Chief of the Vacaville Fire Department, to have accumulated in one place the most accurate and complete history of the Department possible.  Several sources of information were used in researching this work. The majority of the information came, however, from three sources: Vacaville's history book entitled "Vacavllle, the Herltage of a California Communlty" by Ronald H. Limbaugh and Walter A. Payne. published in 1978, microfilmed copies of the Vacaville Reporter from 1883 to the present, and minutes of the Fire Department meetings, which date back to 1902.</subfield>
  </datafield>
  <datafield tag="856" ind1="0" ind2=" ">
    <subfield code="f">vacahc@gmail.com</subfield>
  </datafield>
  <datafield tag="980" ind1=" " ind2=" ">
    <subfield code="a">68594748373</subfield>
  </datafield>
  <datafield tag="650" ind1="1" ind2="7">
    <subfield code="2">CaVaHC</subfield>
    <subfield code="a">Publication/Book</subfield>
  </datafield>
  <datafield tag="300" ind1=" " ind2=" ">
    <subfield code="a">99</subfield>
  </datafield>
</record>
</collection>